000 00958nam a22003017a 4500
005 20251208162705.0
008 251208t2022 sp ||||| |||| 00| 0 spa d
020 _a978-84-18563-47-8
040 _aIste
041 _aspa
044 _asp
082 _a612.76
_bH1801
100 _aHamill, Joseph
_cAutor
_eAutor
_98521
245 _aBiomecánica:
_bbases del movimiento humano
250 _a5a. ed.
260 _aBarcelona - España
_bWolters Kluwer
_c2021
300 _a569 páginas,
_bgráficos, ilustraciones, tablas.
650 _aPRINCIPIOS DEL MOVIMIENTO HUMANO
_98522
650 _aANATOMÍA FUNCIONAL
_98523
650 _aANÁLISIS MECÁNICO DEL MOVIMIENTO HUMANO
_98524
650 _aCINETICA LINEAL
_98525
650 _aCINEMÁTICA ANGULAR
_98526
653 _aTECNOLOGÍA Y CIENCIAS MÉDICAS
653 _aTERAPÉUTICA
700 _aKnutzen, Kathleen
_eAutor
_98527
700 _aDerrick, Timothy
_eAutor
_98528
942 _2udc
_cLB
_zUCat
999 _c1706
_d1706